Faculty of Law Library — Cairo University

Official Online Catalog

Judicial remedies in public law : (Record no. 42522)

MARC details
000 -LEADER
fixed length control field 01200cac a2200361 i 4500
003 - CONTROL NUMBER IDENTIFIER
control field EG-GICUC
005 - DATE AND TIME OF LATEST TRANSACTION
control field 20260121101209.0
008 - FIXED-LENGTH DATA ELEMENTS--GENERAL INFORMATION
fixed length control field 251111s1993 enk frb 001 0 eng d
020 ## - INTERNATIONAL STANDARD BOOK NUMBER
International Standard Book Number 0421502304 ( Supplement)
020 ## - INTERNATIONAL STANDARD BOOK NUMBER
International Standard Book Number 0421410302 (Main Work)
020 ## - INTERNATIONAL STANDARD BOOK NUMBER
International Standard Book Number 9780421410305
040 ## - CATALOGING SOURCE
Original cataloging agency DLC
Transcribing agency DLC
Modifying agency DLC
Language of cataloging eng
Description conventions rda
043 ## - GEOGRAPHIC AREA CODE
Geographic area code e-uk---
050 00 - LIBRARY OF CONGRESS CALL NUMBER
Classification number KD4902
Item number .L49 1992
082 00 - DEWEY DECIMAL CLASSIFICATION NUMBER
Classification number 345.693
Edition number 21
092 04 - LOCALLY ASSIGNED DEWEY CALL NUMBER (OCLC)
Edition number 21
099 ## - LOCAL FREE-TEXT CALL NUMBER (OCLC)
Classification number Law 07 1993
100 1# - MAIN ENTRY--PERSONAL NAME
Personal name Lewis, Clive,
Dates associated with a name 1960-
245 10 - TITLE STATEMENT
Title Judicial remedies in public law :
Remainder of title First Supplement /
Statement of responsibility, etc. by Clive Lewis ; with a foreword by Lord Justice Mann.
264 ## - PRODUCTION, PUBLICATION, DISTRIBUTION, MANUFACTURE, AND COPYRIGHT NOTICE
Place of production, publication, distribution, manufacture London :
Name of producer, publisher, distributor, manufacturer Sweet & Maxwell,
Date of production, publication, distribution, manufacture, or copyright notice 1993.
300 ## - PHYSICAL DESCRIPTION
Extent xciv, 516 page ;
Dimensions 26 cm.
336 ## - CONTENT TYPE
Content type term text
Content type code txt
Source rdacontent
337 ## - MEDIA TYPE
Media type term unmediated
Media type code n
Source rdamedia
338 ## - CARRIER TYPE
Carrier type term volume
Carrier type code nc
Source rdacarrier
440 #0 - SERIES STATEMENT/ADDED ENTRY--TITLE
Title Litigation library
500 ## - GENERAL NOTE
General note Up to date to September 1,1993
504 ## - BIBLIOGRAPHY, ETC. NOTE
Bibliography, etc. note Includes bibliographical references and index.
650 #0 - SUBJECT ADDED ENTRY--TOPICAL TERM
Topical term or geographic name entry element Judicial review of administrative acts
Geographic subdivision Great Britain.
650 #0 - SUBJECT ADDED ENTRY--TOPICAL TERM
Topical term or geographic name entry element Remedies (Law)
Geographic subdivision Great Britain.
856 40 - ELECTRONIC LOCATION AND ACCESS
Uniform Resource Identifier <a href="https://fll.law.cu.edu.eg/fulltext/bks/ENGB07-00062.pdf">https://fll.law.cu.edu.eg/fulltext/bks/ENGB07-00062.pdf</a>
905 ## - Cataloger and Reviser Names
Cataloger Name: Hend El khosy
942 ## - ADDED ENTRY ELEMENTS (KOHA)
Source of classification or shelving scheme Dewey Decimal Classification
Koha item type Books
Edition 21
Suppress in OPAC No
Holdings
Withdrawn status Lost status Source of classification or shelving scheme Damaged status Not for loan Collection Home library Current library Date acquired Total checkouts Full call number Barcode Date last seen Copy number Price effective from Koha item type Public note
    Dewey Decimal Classification     القانون الإداري جــــامعة القــاهرة مكتبة كلية الحقوق - المبنى الرئيسي 11.11.2025   Law1 07 345.693 LE . J 1993 0700066 Sup, C3 ENGB07-00066 11.11.2025 3 11.11.2025 Books 998
    Dewey Decimal Classification     القانون الإداري جــــامعة القــاهرة مكتبة كلية الحقوق - المبنى الرئيسي 11.11.2025   Law1 07 345.693 LE . J 1993 0700062 Sup, C4 ENGB07-00068 11.11.2025 4 11.11.2025 Books 999
    Dewey Decimal Classification     القانون الإداري جــــامعة القــاهرة مكتبة كلية الحقوق - فـرع الشيخ زايد 11.11.2025   Law2 07 345.693 LE . J 1993 0700062 Sup, C1 ENGB07-00062 11.11.2025 1 11.11.2025 Books 992
    Dewey Decimal Classification     القانون الإداري جــــامعة القــاهرة مكتبة كلية الحقوق - فـرع الشيخ زايد 11.11.2025   Law2 07 345.693 LE . J 1993 0700064 Sup, C2 ENGB07-00064 11.11.2025 2 11.11.2025 Books 997

© All rights reserved — Faculty of Law, Cairo University